[Event "30. Open Pula 2016"]
[Site "Pula CRO"]
[Date "2016.09.11"]
[Round "2.4"]
[White "Loncar, Robert"]
[Black "Murko, David"]
[Result "1-0"]
[WhiteElo "2389"]
[BlackElo "2103"]
[PlyCount "55"]
[EventDate "2016.09.10"]
[EventType "swiss"]
[EventRounds "9"]
[EventCountry "CRO"]
[SourceTitle "Ajedrez en Madrid"]
[Source "lmi"]
[SourceDate "2016.09.10"]
[SourceVersion "1"]
[SourceVersionDate "2017.04.19"]
[SourceQuality "1"]

1. d4 d5 2. Nf3 Nf6 3. c4 e6 4. e3 c6 5. Bd3 Nbd7 6. O-O Bd6 7. Nbd2 O-O 8. e4
dxe4 9. Nxe4 Nxe4 10. Bxe4 Nf6 11. Bc2 c5 12. Qd3 cxd4 13. Bg5 g6 14. Qxd4 Be7
15. Qh4 Re8 16. Rad1 Nd7 17. Ba4 f6 18. Qh3 Bf8 19. Bxd7 fxg5 20. Bxe8 Qxe8 21.
Nxg5 Qe7 22. Qg3 e5 23. Rfe1 Bg7 24. Ne4 Bd7 25. Qg5 Qf7 26. Nd6 Qe6 27. Nxb7
Bf6 28. Qe3 1-0

[Event "30. Open Pula 2016"]
[Site "Pula CRO"]
[Date "2016.09.11"]
[Round "2.5"]
[White "Vasic, Bosko"]
[Black "Hresc, Vladimir"]
[Result "0-1"]
[WhiteElo "2090"]
[BlackElo "2354"]
[PlyCount "184"]
[EventDate "2016.09.10"]
[EventType "swiss"]
[EventRounds "9"]
[EventCountry "CRO"]
[SourceTitle "Ajedrez en Madrid"]
[Source "lmi"]
[SourceDate "2016.09.10"]
[SourceVersion "1"]
[SourceVersionDate "2017.04.19"]
[SourceQuality "1"]

1. e4 Nf6 2. e5 Nd5 3. d4 d6 4. c4 Nb6 5. Nf3 Nc6 6. exd6 exd6 7. Be2 Be7 8.
O-O O-O 9. Be3 Bf6 10. Nc3 Re8 11. Qd2 Bg4 12. b3 d5 13. c5 Nc8 14. h3 Be6 15.
Bf4 a6 16. Nd1 N8e7 17. Ne3 Nf5 18. Nc2 h6 19. g4 Nh4 20. Nxh4 Bxh4 21. Kg2 f5
22. f3 Bf6 23. Bg3 Qd7 24. Rae1 Rf8 25. Rh1 Rae8 26. b4 Ne7 27. Bd3 c6 28. a4
Nc8 29. Re2 Bg5 30. Qd1 f4 31. Bf2 Bd8 32. Rhe1 Qf7 33. b5 Ba5 34. Rh1 axb5 35.
axb5 cxb5 36. Bxb5 Bd7 37. Bxd7 Qxd7 38. Rxe8 Rxe8 39. Be1 Qb5 40. Rf1 Bd8 41.
Bf2 Ba5 42. Be1 Bc7 43. Bf2 Ne7 44. Qb1 Qxb1 45. Rxb1 Rb8 46. Nb4 Ra8 47. Nd3
Ra7 48. h4 Nc6 49. Nb4 Ne7 50. h5 Kf7 51. Bh4 Ba5 52. Ra1 Nc6 53. Nxd5 Nxd4 54.
Nxf4 Nb3 55. Rd1 Nxc5 56. Bf2 b6 57. Rd5 Bb4 58. Rf5+ Ke8 59. Nd5 Ba5 60. Kg3
Rf7 61. Re5+ Kd7 62. Ne3 Bc3 63. Rd5+ Kc6 64. Rd8 Ne6 65. Rc8+ Rc7 66. Rxc7+
Nxc7 67. f4 b5 68. Kf3 Ne6 69. Nd1 Ba1 70. Ke4 b4 71. Be3 Kb5 72. g5 Kc4 73.
gxh6 gxh6 74. Bc1 Nc5+ 75. Kf5 Kd3 76. Bb2 Bxb2 77. Nxb2+ Kc3 78. Nd1+ Kc2 79.
Ne3+ Kd3 80. Nd1 b3 81. Kg6 Kc2 82. Ne3+ Kd2 83. Nc4+ Kc3 84. Ne3 Kd3 85. Nd1
Kd2 86. Nb2 Kc2 87. Nc4 Kc3 88. Ne3 Nd3 89. f5 Ne5+ 90. Kg7 Kd2 91. Nd5 b2 92.
Kf6 Ng4+ 0-1

[Event "30. Open Pula 2016"]
[Site "Pula CRO"]
[Date "2016.09.11"]
[Round "2.6"]
[White "Ostovic, Matija"]
[Black "Elishev, Ivan"]
[Result "1-0"]
[WhiteElo "2337"]
[BlackElo "2098"]
[PlyCount "105"]
[EventDate "2016.09.10"]
[EventType "swiss"]
[EventRounds "9"]
[EventCountry "CRO"]
[SourceTitle "Ajedrez en Madrid"]
[Source "lmi"]
[SourceDate "2016.09.10"]
[SourceVersion "1"]
[SourceVersionDate "2017.04.19"]
[SourceQuality "1"]

1. e4 c5 2. c3 g6 3. d4 cxd4 4. cxd4 d5 5. exd5 Nf6 6. Nc3 Bg7 7. Bc4 O-O 8.
Nge2 Nbd7 9. Nf4 Nb6 10. Bb3 Bf5 11. O-O Rc8 12. Re1 Qd7 13. h3 h5 14. Qe2 a6
15. Bd2 Rc7 16. a4 Rfc8 17. f3 h4 18. Qf2 Nc4 19. Bc1 Qd6 20. Qxh4 Qb4 21. Bxc4
Rxc4 22. a5 Bd7 23. Nd3 Rxd4 24. Nxb4 Rxh4 25. g4 Rc4 26. Nd3 Rxh3 27. Ne5 Nxg4
28. Nxc4 Bd4+ 29. Kf1 Nh2+ 30. Kg2 Nxf3 31. Re4 Nh4+ 32. Kf1 Bxc3 33. bxc3 Rh1+
34. Ke2 Bb5 35. Bb2 Rh2+ 36. Kd1 Nf5 37. Nd2 Bd3 38. Re1 g5 39. c4 g4 40. Ra3
Rh3 41. c5 Ne3+ 42. Rxe3 Rxe3 43. Nc4 Rh3 44. Ne5 Rh1+ 45. Kd2 Bf5 46. Ke3 Rd1
47. c6 Rxd5 48. Kf4 Be6 49. c7 f6 50. Nd3 Rf5+ 51. Kg3 Rf3+ 52. Kg2 Kf7 53. Nc5
1-0

[Event "30. Open Pula 2016"]
[Site "Pula CRO"]
[Date "2016.09.11"]
[Round "2.7"]
[White "Bozic, Marjan"]
[Black "Krsnik Cohar, Ivan Vihor"]
[Result "0-1"]
[WhiteElo "2085"]
[BlackElo "2330"]
[PlyCount "66"]
[EventDate "2016.09.10"]
[EventType "swiss"]
[EventRounds "9"]
[EventCountry "CRO"]
[SourceTitle "Ajedrez en Madrid"]
[Source "lmi"]
[SourceDate "2016.09.10"]
[SourceVersion "1"]
[SourceVersionDate "2017.04.19"]
[SourceQuality "1"]

1. e4 c6 2. d4 d5 3. Nc3 dxe4 4. Nxe4 Bf5 5. Ng3 Bg6 6. Nf3 Nd7 7. Bd3 e6 8. h4
Ngf6 9. Bg5 Bd6 10. h5 Bxd3 11. Qxd3 h6 12. Ne4 Be7 13. Bd2 Nxe4 14. Qxe4 Nf6
15. Qd3 Qd5 16. c4 Qe4+ 17. Qxe4 Nxe4 18. Be3 Bb4+ 19. Ke2 O-O-O 20. Ne5 Rhf8
21. c5 Ba5 22. Nc4 Bc7 23. b4 f5 24. g3 f4 25. gxf4 Bxf4 26. Rhg1 Rd7 27. Rg4
Bxe3 28. Rxe4 Bxd4 29. Nd6+ Rxd6 30. cxd6 Bxa1 31. Rxe6 Bf6 32. f4 Kd7 33. f5
Re8 0-1

[Event "30. Open Pula 2016"]
[Site "Pula CRO"]
[Date "2016.09.11"]
[Round "2.8"]
[White "Molnar, Bela"]
[Black "Roth, Josef"]
[Result "1-0"]
[WhiteElo "2290"]
[BlackElo "2087"]
[PlyCount "55"]
[EventDate "2016.09.10"]
[EventType "swiss"]
[EventRounds "9"]
[EventCountry "CRO"]
[SourceTitle "Ajedrez en Madrid"]
[Source "lmi"]
[SourceDate "2016.09.10"]
[SourceVersion "1"]
[SourceVersionDate "2017.04.19"]
[SourceQuality "1"]

1. e4 c5 2. Nc3 Nc6 3. Bb5 Nd4 4. Bc4 e6 5. Nf3 a6 6. a4 Ne7 7. Nxd4 cxd4 8.
Ne2 Nc6 9. O-O Be7 10. c3 dxc3 11. dxc3 O-O 12. f4 d6 13. Qd3 Qc7 14. Be3 Bd7
15. b4 Rac8 16. Bb3 a5 17. b5 Nd8 18. Rad1 Be8 19. Kh1 Kh8 20. Rf3 f6 21. Rh3
Bg6 22. f5 exf5 23. Nf4 Bf7 24. Bxf7 Rxf7 25. exf5 Bf8 26. Bb6 Qxb6 27. Ng6+
Kg8 28. Rxh7 1-0

[Event "30. Open Pula 2016"]
[Site "Pula CRO"]
[Date "2016.09.11"]
[Round "2.9"]
[White "Klem, Davor"]
[Black "Muskardin, Mario"]
[Result "1-0"]
[WhiteElo "2048"]
[BlackElo "2280"]
[PlyCount "57"]
[EventDate "2016.09.10"]
[EventType "swiss"]
[EventRounds "9"]
[EventCountry "CRO"]
[SourceTitle "Ajedrez en Madrid"]
[Source "lmi"]
[SourceDate "2016.09.10"]
[SourceVersion "1"]
[SourceVersionDate "2017.04.19"]
[SourceQuality "1"]

1. e4 c5 2. d4 cxd4 3. c3 g6 4. Nf3 Bg7 5. Bc4 e6 6. cxd4 Ne7 7. Nc3 O-O 8. O-O
d5 9. Bd3 dxe4 10. Bxe4 Nbc6 11. d5 exd5 12. Nxd5 Nxd5 13. Bxd5 Qb6 14. Be3
Qxb2 15. Rb1 Qf6 16. Qa4 a6 17. Rfc1 Ne7 18. Rb6 Qf5 19. Be4 Qh5 20. Bc5 Bh6
21. Bxe7 Bxc1 22. Bxf8 Kxf8 23. Qd4 Kg8 24. Qd8+ Kg7 25. h3 Qc5 26. Qf6+ Kg8
27. Ne5 Bh6 28. Qxf7+ Kh8 29. Rxg6 1-0

[Event "30. Open Pula 2016"]
[Site "Pula CRO"]
[Date "2016.09.11"]
[Round "2.10"]
[White "Grguric, Dragan"]
[Black "Zierke, Oliver"]
[Result "0-1"]
[WhiteElo "2038"]
[BlackElo "2238"]
[PlyCount "120"]
[EventDate "2016.09.10"]
[EventType "swiss"]
[EventRounds "9"]
[EventCountry "CRO"]
[SourceTitle "Ajedrez en Madrid"]
[Source "lmi"]
[SourceDate "2016.09.10"]
[SourceVersion "1"]
[SourceVersionDate "2017.04.19"]
[SourceQuality "1"]

1. e4 c5 2. Nf3 d6 3. d4 cxd4 4. Nxd4 Nf6 5. Nc3 Nc6 6. Be3 e5 7. Nxc6 bxc6 8.
Bc4 Be7 9. f3 O-O 10. Qd2 Qc7 11. O-O-O Bb7 12. g4 d5 13. g5 dxc4 14. gxf6 Bxf6
15. Bg5 Rad8 16. Qg2 Bxg5+ 17. Qxg5 f6 18. Qe3 Qb6 19. Qxb6 axb6 20. Na4 b5 21.
Nc5 Bc8 22. a4 bxa4 23. Nxa4 Kf7 24. Nb6 Be6 25. Rxd8 Rxd8 26. Rd1 Rxd1+ 27.
Kxd1 Kg6 28. Kd2 Kg5 29. Ke3 Kh4 30. Kf2 Kh3 31. Kg1 g5 32. Na4 h5 33. Nc5 Bc8
34. b3 cxb3 35. cxb3 g4 36. fxg4 hxg4 37. b4 g3 38. hxg3 Kxg3 39. Kf1 Kf3 40.
Ke1 Ke3 41. Kd1 Kd4 42. Kc2 Kc4 43. Nd3 Bh3 44. Kd2 Bg2 45. Ke3 Kc3 46. Nf2
Kxb4 47. Ng4 c5 48. Nxf6 Bh3 49. Kd2 Kc4 50. Ke3 Be6 51. Ne8 Kc3 52. Nc7 Bh3
53. Nd5+ Kc2 54. Ne7 c4 55. Nc6 Kd1 56. Nxe5 c3 57. Nd3 c2 58. Nf2+ Kc1 59.
Nd3+ Kd1 60. Nf2+ Ke1 0-1

[Event "30. Open Pula 2016"]
[Site "Pula CRO"]
[Date "2016.09.11"]
[Round "2.11"]
[White "Licardo, Renato"]
[Black "Pozun, Matej"]
[Result "1-0"]
[WhiteElo "2215"]
[BlackElo "2082"]
[PlyCount "81"]
[EventDate "2016.09.10"]
[EventType "swiss"]
[EventRounds "9"]
[EventCountry "CRO"]
[SourceTitle "Ajedrez en Madrid"]
[Source "lmi"]
[SourceDate "2016.09.10"]
[SourceVersion "1"]
[SourceVersionDate "2017.04.19"]
[SourceQuality "1"]

1. e4 c5 2. Nf3 Nc6 3. Bb5 g6 4. O-O Bg7 5. c3 a6 6. Ba4 b5 7. Bc2 d6 8. Re1
Nf6 9. d4 O-O 10. h3 Bb7 11. Nbd2 cxd4 12. cxd4 Rc8 13. Nb3 Qc7 14. Bd2 Nb4 15.
Bb1 Nc6 16. Bd3 e6 17. Rc1 Qb6 18. Bf4 Rfd8 19. Qd2 a5 20. e5 dxe5 21. dxe5 Nd5
22. Bg5 Nde7 23. Qe2 a4 24. Nc5 Rd5 25. Nxb7 Qxb7 26. Bxe7 Nxe7 27. Be4 Rcd8
28. Bxd5 Nxd5 29. Rc5 b4 30. Qb5 Qxb5 31. Rxb5 Rc8 32. Re2 Rc1+ 33. Kh2 Ra1 34.
Rb8+ Bf8 35. Rc2 Kg7 36. Rcc8 Be7 37. g4 g5 38. Rg8+ Kh6 39. Rb5 Rxa2 40. Rxd5
exd5 41. Nd4 1-0

[Event "30. Open Pula 2016"]
[Site "Pula CRO"]
[Date "2016.09.11"]
[Round "2.12"]
[White "Kirbis, Milan"]
[Black "Barthel, Ansgar"]
[Result "1/2-1/2"]
[WhiteElo "2031"]
[BlackElo "2211"]
[PlyCount "92"]
[EventDate "2016.09.10"]
[EventType "swiss"]
[EventRounds "9"]
[EventCountry "CRO"]
[SourceTitle "Ajedrez en Madrid"]
[Source "lmi"]
[SourceDate "2016.09.10"]
[SourceVersion "1"]
[SourceVersionDate "2017.04.19"]
[SourceQuality "1"]

1. e4 Nf6 2. Nc3 d6 3. d4 c6 4. a4 Nbd7 5. Nf3 e5 6. Bc4 Be7 7. dxe5 dxe5 8.
O-O O-O 9. h3 Qc7 10. Bg5 Nc5 11. Re1 Ne6 12. Bxe6 Bxe6 13. Bh4 Rad8 14. Qe2
Rfe8 15. Rad1 Nd7 16. Bxe7 Rxe7 17. Ng5 Nf8 18. Rxd8 Qxd8 19. Rd1 Qb6 20. Nxe6
Nxe6 21. b3 Qc5 22. Qd3 g6 23. Ne2 Re8 24. Qc3 Qxc3 25. Nxc3 Nd4 26. Rd2 Kg7
27. f3 a5 28. Kf2 Re7 29. Ke3 Ne6 30. Ne2 Kf6 31. Rd6 Rc7 32. Rd2 Ke7 33. Kd3
Rd7+ 34. Kc3 Rxd2 35. Kxd2 Kd6 36. h4 Kc5 37. Nc1 b5 38. Nd3+ Kd6 39. c3 Nc5
40. Nxc5 Kxc5 41. Kd3 f6 42. g3 h6 43. f4 Kd6 44. c4 bxa4 45. bxa4 g5 46. fxg5
fxg5 1/2-1/2

[Event "30. Open Pula 2016"]
[Site "Pula CRO"]
[Date "2016.09.11"]
[Round "2.13"]
[White "Fucak, Emilio Milko"]
[Black "Losonczi, Marcell"]
[Result "1-0"]
[WhiteElo "2208"]
[BlackElo "2035"]
[PlyCount "53"]
[EventDate "2016.09.10"]
[EventType "swiss"]
[EventRounds "9"]
[EventCountry "CRO"]
[SourceTitle "Ajedrez en Madrid"]
[Source "lmi"]
[SourceDate "2016.09.10"]
[SourceVersion "1"]
[SourceVersionDate "2017.04.19"]
[SourceQuality "1"]

1. e4 c5 2. Ne2 Nc6 3. Nbc3 e6 4. g4 h5 5. gxh5 Nf6 6. Ng3 d5 7. d3 d4 8. Nb1
Be7 9. Be2 Qc7 10. h4 Bd7 11. Bg5 O-O-O 12. Nd2 Ng8 13. Bxe7 Ngxe7 14. Nf3 Ne5
15. Nxe5 Qxe5 16. Qd2 f5 17. Qg5 Nc6 18. exf5 Nb4 19. fxe6 Qxe6 20. Qxc5+ Bc6
21. Qxb4 Bxh1 22. Nxh1 Rde8 23. Ng3 Rhf8 24. Ne4 Rd8 25. Qxb7+ Kxb7 26. Nc5+
Kc6 27. Nxe6 1-0

[Event "30. Open Pula 2016"]
[Site "Pula CRO"]
[Date "2016.09.11"]
[Round "2.14"]
[White "Kukurin, Luka"]
[Black "Ciganovic, Nikola"]
[Result "0-1"]
[WhiteElo "2027"]
[BlackElo "2206"]
[PlyCount "102"]
[EventDate "2016.09.10"]
[EventType "swiss"]
[EventRounds "9"]
[EventCountry "CRO"]
[SourceTitle "Ajedrez en Madrid"]
[Source "lmi"]
[SourceDate "2016.09.10"]
[SourceVersion "1"]
[SourceVersionDate "2017.04.19"]
[SourceQuality "1"]

1. e4 e5 2. Nf3 Nc6 3. d4 exd4 4. Nxd4 Nf6 5. Nxc6 bxc6 6. e5 Qe7 7. Qe2 Nd5 8.
c4 Nb6 9. Nc3 Bb7 10. b3 O-O-O 11. Bb2 Qg5 12. g3 d5 13. f4 Qg6 14. cxd5 cxd5
15. Bh3+ Kb8 16. O-O-O Bb4 17. Bg2 Rhe8 18. a3 Bc5 19. Qf3 f6 20. Nb5 a6 21.
Qc3 Re6 22. Nd4 Bxd4 23. Qxd4 fxe5 24. fxe5 Rde8 25. Qd3 Qxd3 26. Rxd3 c5 27.
Bh3 Rh6 28. Bg4 d4 29. Re1 Rxh2 30. e6 Nd5 31. Kb1 Ne3 32. Rdxe3 dxe3 33. Rxe3
Bc6 34. Bxg7 h5 35. Bf5 Rd8 36. Re1 Rdd2 37. e7 Rde2 38. Rxe2 Rxe2 39. Bf6 Rf2
40. Be5+ Kb7 41. Bg6 Re2 42. Bf6 Re6 43. Bxh5 Rxf6 44. e8=Q Bxe8 45. Bxe8 Rf3
46. Ba4 Rxg3 47. Kb2 Kc7 48. Be8 Kd6 49. Bf7 a5 50. Kc2 Ke5 51. Kb2 Kd4 0-1

[Event "30. Open Pula 2016"]
[Site "Pula CRO"]
[Date "2016.09.11"]
[Round "2.15"]
[White "Thuesen, Mogens"]
[Black "Csiki, Endre"]
[Result "0-1"]
[WhiteElo "2196"]
[BlackElo "2029"]
[PlyCount "58"]
[EventDate "2016.09.10"]
[EventType "swiss"]
[EventRounds "9"]
[EventCountry "CRO"]
[SourceTitle "Ajedrez en Madrid"]
[Source "lmi"]
[SourceDate "2016.09.10"]
[SourceVersion "1"]
[SourceVersionDate "2017.04.19"]
[SourceQuality "1"]

1. d4 e6 2. c4 b6 3. a3 Bb7 4. Nc3 Nf6 5. Bg5 Be7 6. e3 d6 7. Nf3 Nbd7 8. Be2
O-O 9. Qc2 c5 10. O-O Rc8 11. Rad1 a6 12. b4 cxb4 13. axb4 d5 14. c5 a5 15.
bxa5 bxc5 16. Qb2 cxd4 17. exd4 Qxa5 18. Qxb7 Rb8 19. Qa6 Qxc3 20. Ra1 Qb4 21.
Bd3 Rb6 22. Qa2 Qc3 23. Qe2 Rb2 24. Qe3 Rb3 25. Rfd1 Bd6 26. h3 Rfb8 27. Bxf6
Nxf6 28. Ng5 h6 29. Ra6 Qxd3 0-1

[Event "30. Open Pula 2016"]
[Site "Pula CRO"]
[Date "2016.09.11"]
[Round "2.16"]
[White "Jurman, Pjerino"]
[Black "Mis, Mieszko"]
[Result "0-1"]
[WhiteElo "2025"]
[BlackElo "2194"]
[PlyCount "84"]
[EventDate "2016.09.10"]
[EventType "swiss"]
[EventRounds "9"]
[EventCountry "CRO"]
[SourceTitle "Ajedrez en Madrid"]
[Source "lmi"]
[SourceDate "2016.09.10"]
[SourceVersion "1"]
[SourceVersionDate "2017.04.19"]
[SourceQuality "1"]

1. d4 d5 2. Nc3 Nf6 3. Bg5 Nbd7 4. e3 h6 5. Bh4 e6 6. Bd3 Be7 7. Nge2 c5 8.
dxc5 Nxc5 9. Nc1 O-O 10. O-O a6 11. a3 b5 12. Be2 Bb7 13. f3 Rc8 14. Nd3 Qb6
15. Bf2 Nxd3 16. Bxd3 Bc5 17. Qd2 Rfd8 18. b4 Bd6 19. Rab1 Qc7 20. Rb3 Bxh2+
21. Kh1 Be5 22. Ne2 Ne4 23. Qe1 Nxf2+ 24. Qxf2 Bf6 25. Nf4 Bg5 26. Nh3 Be7 27.
f4 Re8 28. Qf3 Bf6 29. Qh5 e5 30. fxe5 Qxe5 31. Rf5 Qg3 32. Rxf6 gxf6 33. Bf5
d4 34. e4 Rc3 35. Rxc3 dxc3 36. Bh7+ Kg7 37. Bf5 Bxe4 38. Bxe4 Rxe4 39. Qf5
Re1+ 40. Ng1 Qh4+ 41. Qh3 Qxh3+ 42. gxh3 Rc1 0-1

[Event "30. Open Pula 2016"]
[Site "Pula CRO"]
[Date "2016.09.11"]
[Round "2.17"]
[White "Voscilla, Adriano"]
[Black "Zickelbein, Eva Maria"]
[Result "1-0"]
[WhiteElo "2186"]
[BlackElo "2026"]
[PlyCount "57"]
[EventDate "2016.09.10"]
[EventType "swiss"]
[EventRounds "9"]
[EventCountry "CRO"]
[SourceTitle "Ajedrez en Madrid"]
[Source "lmi"]
[SourceDate "2016.09.10"]
[SourceVersion "1"]
[SourceVersionDate "2017.04.19"]
[SourceQuality "1"]

1. e4 e5 2. Nf3 Nc6 3. d4 exd4 4. Nxd4 Bc5 5. c3 Qe7 6. f3 Bxd4 7. cxd4 Qb4+ 8.
Nc3 Qxd4 9. Qb3 Qb4 10. Bc4 Qxb3 11. Bxb3 Nd4 12. Ba4 Ne7 13. Be3 Ne6 14. f4 a6
15. f5 b5 16. fxe6 bxa4 17. exf7+ Kxf7 18. O-O+ Ke8 19. Nxa4 d6 20. Rac1 Bd7
21. Nc3 Be6 22. b3 Kd7 23. Bd4 Rhg8 24. Ne2 c5 25. Be3 g5 26. Ng3 a5 27. Rfd1
Kc6 28. e5 Nd5 29. Bf2 1-0

[Event "30. Open Pula 2016"]
[Site "Pula CRO"]
[Date "2016.09.11"]
[Round "2.18"]
[White "Kljako, Damir"]
[Black "Dotlic, Zdravko"]
[Result "1-0"]
[WhiteElo "2157"]
[BlackElo "2021"]
[PlyCount "69"]
[EventDate "2016.09.10"]
[EventType "swiss"]
[EventRounds "9"]
[EventCountry "CRO"]
[SourceTitle "Ajedrez en Madrid"]
[Source "lmi"]
[SourceDate "2016.09.10"]
[SourceVersion "1"]
[SourceVersionDate "2017.04.19"]
[SourceQuality "1"]

1. d4 Nf6 2. Nf3 g6 3. Bg5 Bg7 4. c3 d5 5. h3 O-O 6. Nbd2 Nbd7 7. e3 Re8 8. Bf4
c6 9. a4 Nh5 10. Bh2 f5 11. Be2 Nhf6 12. Ne5 Ne4 13. Ndf3 e6 14. a5 a6 15. Nxd7
Bxd7 16. Qb3 Bc8 17. O-O Bf8 18. Qc2 Bd6 19. Bxd6 Qxd6 20. Ne5 Bd7 21. Bd3 Ng5
22. f4 Nf7 23. g4 Nxe5 24. fxe5 Qe7 25. gxf5 gxf5 26. Kh2 Kh8 27. Rg1 Rg8 28.
Qf2 Raf8 29. b4 Be8 30. Be2 Bg6 31. Qf4 Rg7 32. Rg3 Rfg8 33. Rag1 Qf8 34. Qh6
Rf7 35. Rxg6 1-0

[Event "30. Open Pula 2016"]
[Site "Pula CRO"]
[Date "2016.09.11"]
[Round "2.19"]
[White "Saradjen, Janko"]
[Black "Sygulski, Pawel"]
[Result "0-1"]
[WhiteElo "2010"]
[BlackElo "2133"]
[PlyCount "60"]
[EventDate "2016.09.10"]
[EventType "swiss"]
[EventRounds "9"]
[EventCountry "CRO"]
[SourceTitle "Ajedrez en Madrid"]
[Source "lmi"]
[SourceDate "2016.09.10"]
[SourceVersion "1"]
[SourceVersionDate "2017.04.19"]
[SourceQuality "1"]

1. e4 d5 2. Nc3 c6 3. g3 dxe4 4. Nxe4 Bf5 5. Bg2 Nd7 6. Ne2 Ngf6 7. Nxf6+ Nxf6
8. O-O e6 9. d4 Be7 10. c3 O-O 11. Re1 Qb6 12. h3 Rfd8 13. Qb3 Be4 14. Bxe4
Nxe4 15. Nf4 Nf6 16. Qc2 Rac8 17. Nd3 Nd5 18. Qe2 c5 19. c4 Nb4 20. d5 Nxd3 21.
Qxd3 Bf6 22. Rd1 exd5 23. cxd5 Bd4 24. Be3 Rxd5 25. Qc4 Rcd8 26. Rac1 Qe6 27.
Re1 Qxh3 28. Bxd4 Rh5 29. f4 Qxg3+ 30. Kf1 Qh3+ 0-1

[Event "30. Open Pula 2016"]
[Site "Pula CRO"]
[Date "2016.09.11"]
[Round "2.20"]
[White "Kersic, Matej"]
[Black "Ladisic, Alex-Sacha"]
[Result "1-0"]
[WhiteElo "2129"]
[BlackElo "2004"]
[PlyCount "85"]
[EventDate "2016.09.10"]
[EventType "swiss"]
[EventRounds "9"]
[EventCountry "CRO"]
[SourceTitle "Ajedrez en Madrid"]
[Source "lmi"]
[SourceDate "2016.09.10"]
[SourceVersion "1"]
[SourceVersionDate "2017.04.19"]
[SourceQuality "1"]

1. e4 e5 2. Nf3 Nc6 3. d4 exd4 4. Bc4 Nf6 5. e5 d5 6. Bb5 Ne4 7. Nxd4 Bd7 8.
Bxc6 bxc6 9. O-O Be7 10. f3 Nc5 11. Be3 O-O 12. Nd2 f6 13. exf6 Rxf6 14. c3 a5
15. Qc2 Ne6 16. Nxe6 Rxe6 17. Bf2 Qf8 18. Nb3 c5 19. Rfe1 a4 20. Nd2 Rg6 21.
Nf1 Qf7 22. Bg3 c6 23. b3 a3 24. Qf2 Bf5 25. Ne3 Bd3 26. Ng4 Rxg4 27. fxg4
Qxf2+ 28. Bxf2 Bf6 29. Rac1 c4 30. b4 Kf7 31. Bc5 Be4 32. Kf2 Ke6 33. g3 Kd7
34. h4 h6 35. Ke3 Bd3 36. Kd2 Be4 37. Re3 Re8 38. Rf1 Kd8 39. Bd4 Bxd4 40. cxd4
Bd3 41. Rxe8+ Kxe8 42. Rc1 Ke7 43. Rc3 1-0

[Event "30. Open Pula 2016"]
[Site "Pula CRO"]
[Date "2016.09.12"]
[Round "3.1"]
[White "Mis, Mieszko"]
[Black "Fercec, Nenad"]
[Result "1/2-1/2"]
[WhiteElo "2194"]
[BlackElo "2441"]
[PlyCount "71"]
[EventDate "2016.09.10"]
[EventType "swiss"]
[EventRounds "9"]
[EventCountry "CRO"]
[SourceTitle "Ajedrez en Madrid"]
[Source "lmi"]
[SourceDate "2016.09.10"]
[SourceVersion "1"]
[SourceVersionDate "2017.04.19"]
[SourceQuality "1"]

1. c4 e5 2. g3 Nf6 3. Bg2 d5 4. cxd5 Nxd5 5. Nc3 Nb6 6. Nf3 Nc6 7. O-O Be7 8.
a3 O-O 9. b4 a6 10. d3 Bg4 11. Bb2 Kh8 12. Rc1 f5 13. Re1 Bf6 14. Nd2 Bg5 15.
Rb1 e4 16. Nc4 Nxc4 17. dxc4 Bd2 18. Rf1 Bxc3 19. Bxc3 Qe7 20. Qc2 Ne5 21. f3
Nxc4 22. fxg4 Nxa3 23. Qb3 Nxb1 24. Qxb1 fxg4 25. Rxf8+ Rxf8 26. Qxe4 Qg5 27.
e3 c5 28. bxc5 Qxc5 29. Qd4 Qc7 30. Bd5 b5 31. e4 a5 32. Qe5 Qc5+ 33. Qd4 Qc7
34. Qe5 Qc5+ 35. Qd4 Qc7 36. Qe5 1/2-1/2

[Event "30. Open Pula 2016"]
[Site "Pula CRO"]
[Date "2016.09.12"]
[Round "3.2"]
[White "Srbis, Jurica"]
[Black "Voscilla, Adriano"]
[Result "1-0"]
[WhiteElo "2415"]
[BlackElo "2186"]
[PlyCount "111"]
[EventDate "2016.09.10"]
[EventType "swiss"]
[EventRounds "9"]
[EventCountry "CRO"]
[SourceTitle "Ajedrez en Madrid"]
[Source "lmi"]
[SourceDate "2016.09.10"]
[SourceVersion "1"]
[SourceVersionDate "2017.04.19"]
[SourceQuality "1"]

1. e4 d5 2. exd5 Qxd5 3. Nc3 Qd6 4. d4 g6 5. Nb5 Qb6 6. Bf4 Na6 7. Qe2 Nf6 8.
Qe5 Be6 9. Nxc7+ Nxc7 10. Qxc7 Qxb2 11. Rd1 Bg7 12. Bc1 Qb6 13. Qxb6 axb6 14.
a3 Rc8 15. Bd3 Nd5 16. Ne2 Bf5 17. Bb5+ Bd7 18. Bd3 Ba4 19. Bd2 O-O 20. Rc1 b5
21. O-O Nb6 22. Bb4 Nd5 23. Bd2 Rfd8 24. Rfe1 Rd7 25. f4 e6 26. c3 Nb6 27. Rb1
Nc4 28. Bc1 Bf8 29. Ng3 Nxa3 30. Bxa3 Bxa3 31. Bxb5 Bxb5 32. Rxb5 Be7 33. Ne2
Ra8 34. Reb1 Ra7 35. Kf2 h5 36. Ke3 Rc7 37. Kd3 Rd7 38. Nc1 Kg7 39. Nb3 Ra3 40.
Ra5 b6 41. Rxa3 Bxa3 42. Nd2 Bd6 43. g3 Rb7 44. c4 Rb8 45. Ra1 h4 46. Ra7 hxg3
47. hxg3 Rc8 48. Ne4 Bc7 49. d5 exd5 50. cxd5 Bd8 51. Nd6 Rc5 52. Nxf7 Bc7 53.
Ng5 Rxd5+ 54. Ke4 Rd7 55. Rxc7 Rxc7 56. Ne6+ 1-0

[Event "30. Open Pula 2016"]
[Site "Pula CRO"]
[Date "2016.09.12"]
[Round "3.3"]
[White "Kljako, Damir"]
[Black "Loncar, Robert"]
[Result "1/2-1/2"]
[WhiteElo "2157"]
[BlackElo "2389"]
[PlyCount "87"]
[EventDate "2016.09.10"]
[EventType "swiss"]
[EventRounds "9"]
[EventCountry "CRO"]
[SourceTitle "Ajedrez en Madrid"]
[Source "lmi"]
[SourceDate "2016.09.10"]
[SourceVersion "1"]
[SourceVersionDate "2017.04.19"]
[SourceQuality "1"]

1. d4 Nf6 2. Nf3 e6 3. Bg5 c5 4. e3 h6 5. Bh4 b6 6. Nbd2 Be7 7. c3 Bb7 8. h3
O-O 9. Be2 d6 10. Bg3 a6 11. a4 Nc6 12. O-O d5 13. Ne5 Nxe5 14. Bxe5 Nd7 15.
Bg3 Bf6 16. f4 Bc6 17. Nf3 b5 18. axb5 Bxb5 19. Ne5 Nxe5 20. fxe5 Bg5 21. Bf4
cxd4 22. Bxb5 Bxf4 23. exf4 axb5 24. Rxa8 Qxa8 25. Qxd4 Qa2 26. Qd2 f5 27. Kh2
Rc8 28. Rf3 Qb1 29. Rd3 Rc4 30. Rd4 Kh7 31. Rxc4 bxc4 32. Kg3 Qe4 33. Kf2 Kg6
34. Qe3 Qc2+ 35. Qe2 Qc1 36. Kf3 Kf7 37. h4 Ke7 38. Qf2 Kf7 39. Qa7+ Kg6 40.
Qe7 Qd1+ 41. Kf2 Qd2+ 42. Kf3 Qd1+ 43. Kf2 Qd2+ 44. Kf3 1/2-1/2

[Event "30. Open Pula 2016"]
[Site "Pula CRO"]
[Date "2016.09.12"]
[Round "3.4"]
[White "Hresc, Vladimir"]
[Black "Kersic, Matej"]
[Result "1/2-1/2"]
[WhiteElo "2354"]
[BlackElo "2129"]
[PlyCount "58"]
[EventDate "2016.09.10"]
[EventType "swiss"]
[EventRounds "9"]
[EventCountry "CRO"]
[SourceTitle "Ajedrez en Madrid"]
[Source "lmi"]
[SourceDate "2016.09.10"]
[SourceVersion "1"]
[SourceVersionDate "2017.04.19"]
[SourceQuality "1"]

1. e4 c5 2. Nf3 d6 3. c3 Nf6 4. Be2 e6 5. O-O Nc6 6. d3 Be7 7. Nbd2 O-O 8. Re1
b6 9. Nf1 Qc7 10. Ng3 d5 11. Bf1 dxe4 12. dxe4 Bb7 13. e5 Nd7 14. Bf4 Rfd8 15.
Qe2 Nf8 16. Qe3 Ng6 17. Nh5 Bf8 18. g4 Nxf4 19. Qxf4 Ne7 20. Bg2 Ng6 21. Qe3
Rd7 22. Rad1 Rad8 23. Rxd7 Qxd7 24. Nf4 Qa4 25. Nxg6 hxg6 26. h3 Qxa2 27. Re2
Qb1+ 28. Kh2 Bxf3 29. Bxf3 Qd3 1/2-1/2